Tapping labour shortage and dilemmas in policy options: The case of rubber smallholder sector in Kerala (Record no. 49871)

MARC details
000 -LEADER
fixed length control field 00445nam a2200133Ia 4500
100 ## - MAIN ENTRY--AUTHOR NAME
Personal name George K.T
245 #0 - TITLE STATEMENT
Title Tapping labour shortage and dilemmas in policy options: The case of rubber smallholder sector in Kerala
260 ## - PUBLICATION, DISTRIBUTION, ETC. (IMPRINT)
Name of publisher Rubber Research Institute of India, Kottayam, India, 39p.
650 ## - SUBJECT ADDED ENTRY--TOPICAL TERM
Topical Term Kerala
650 ## - SUBJECT ADDED ENTRY--TOPICAL TERM
Topical Term Labour shortage
650 ## - SUBJECT ADDED ENTRY--TOPICAL TERM
Topical Term Rubber smallholder sector
942 ## - ADDED ENTRY ELEMENTS (KOHA)
Koha item type Bibliography STAF
Holdings
Withdrawn status Lost status Damaged status Not for loan Home library Current library Shelving location Date acquired Koha item type
      Bibliography RRII Library RRII Library Economics 09/04/2014 Bibliography STAF